[Event "MP do 16 lat - chlopcy"]
[Site "Sypniewo"]
[Date "2022.03.22"]
[Round "4.21"]
[White "Biesiadecki, Adam"]
[Black "Rzenca, Jerzy"]
[Result "0-1"]
[BlackElo "1586"]
[WhiteElo "1916"]
[LiveChessVersion "1.4.8"]

1. e4 {[%clk 1:30:59]} c6 {[%clk 1:30:55]} 2. d4 {[%clk 1:31:17]} d5
{[%clk 1:31:21]} 3. e5 {[%clk 1:31:27]} Bf5 {[%clk 1:31:45]} 4. g4
{[%clk 1:31:49]} Bd7 {[%clk 1:31:56]} 5. f4 {[%clk 1:31:17]} h5 {[%clk 1:32:14]}
6. g5 {[%clk 1:30:28]} Bf5 {[%clk 1:32:37]} 7. h4 {[%clk 1:23:22]} e6
{[%clk 1:32:20]} 8. Ne2 {[%clk 1:22:05]} Ne7 {[%clk 1:20:32]} 9. Ng3
{[%clk 1:18:13]} Bg4 {[%clk 1:15:19]} 10. Qd3 {[%clk 1:15:55]} Nf5
{[%clk 1:10:53]} 11. Be2 {[%clk 1:10:57]} Bxe2 {[%clk 1:07:59]} 12. Kxe2
{[%clk 1:11:02]} Nxg3+ {[%clk 1:06:27]} 13. Qxg3 {[%clk 1:11:26]} Qb6
{[%clk 1:06:52]} 14. Qd3 {[%clk 1:09:02]} g6 {[%clk 1:05:11]} 15. a3
{[%clk 1:04:52]} c5 {[%clk 0:57:23]} 16. dxc5 {[%clk 1:03:38]} Bxc5
{[%clk 0:57:40]} 17. Nc3 {[%clk 1:00:41]} O-O {[%clk 0:39:15]} 18. Na4
{[%clk 0:54:30]} Qc6 {[%clk 0:39:30]} 19. Nxc5 {[%clk 0:54:50]} Qxc5
{[%clk 0:39:59]} 20. b4 {[%clk 0:51:40]} Qc7 {[%clk 0:38:35]} 21. Be3
{[%clk 0:49:32]} b6 {[%clk 0:38:30]} 22. Rac1 {[%clk 0:47:49]} Rc8
{[%clk 0:38:39]} 23. Rhd1 {[%clk 0:45:04]} Qc4 {[%clk 0:33:21]} 24. Kf3
{[%clk 0:41:53]} Qxd3 {[%clk 0:30:58]} 25. Rxd3 {[%clk 0:41:01]} Nc6
{[%clk 0:30:59]} 26. Bf2 {[%clk 0:35:53]} Ne7 {[%clk 0:30:19]} 27. a4
{[%clk 0:28:25]} Rc4 {[%clk 0:28:44]} 28. Rd4 {[%clk 0:26:17]} Rac8
{[%clk 0:27:33]} 29. Rxc4 {[%clk 0:24:59]} Rxc4 {[%clk 0:27:57]} 30. c3
{[%clk 0:23:58]} Nf5 {[%clk 0:26:54]} 31. Be1 {[%clk 0:21:31]} d4
{[%clk 0:17:21]} 32. a5 {[%clk 0:17:20]} b5 {[%clk 0:12:03]} 33. Ke2
{[%clk 0:11:48]} Kg7 {[%clk 0:06:38]} 34. Bf2 {[%clk 0:08:42]} a6
{[%clk 0:06:17]} 35. Kd3 {[%clk 0:08:27]} dxc3 {[%clk 0:06:02]} 36. Rxc3
{[%clk 0:08:42]} Rxf4 {[%clk 0:06:03]} 37. Ke2 {[%clk 0:08:10]} Rxb4
{[%clk 0:05:12]} 38. Rc8 {[%clk 0:07:20]} Rc4 {[%clk 0:01:53]} 39. Bc5
{[%clk 0:03:40]} Ne7 {[%clk 0:01:07]} 40. Kd3 0-1

[Event "MP do 16 lat - chlopcy"]
[Site "Sypniewo"]
[Date "2022.03.22"]
[Round "4.22"]
[White "Goral, Jan"]
[Black "Pancewicz, Szymon"]
[Result "0-1"]
[BlackElo "1814"]
[WhiteElo "1618"]
[LiveChessVersion "1.4.8"]

1. d4 {[%clk 1:30:54]} d5 {[%clk 1:30:34]} 2. Nf3 {[%clk 1:30:51]} Nf6
{[%clk 1:30:27]} 3. g3 {[%clk 1:31:07]} e6 {[%clk 1:30:45]} 4. Bg2
{[%clk 1:31:10]} Be7 {[%clk 1:31:00]} 5. O-O {[%clk 1:31:23]} O-O
{[%clk 1:31:21]} 6. c4 {[%clk 1:31:11]} dxc4 {[%clk 1:31:04]} 7. Qc2
{[%clk 1:30:14]} b5 {[%clk 1:29:25]} 8. a4 {[%clk 1:30:00]} b4 {[%clk 1:29:22]}
9. Qxc4 {[%clk 1:27:05]} Ba6 {[%clk 1:28:55]} 10. Qc2 {[%clk 1:27:11]} Nbd7
{[%clk 1:28:05]} 11. b3 {[%clk 1:10:04]} c5 {[%clk 1:22:40]} 12. Rd1
{[%clk 1:08:53]} Rc8 {[%clk 1:12:02]} 13. Qb2 {[%clk 1:04:44]} Qb6
{[%clk 1:07:51]} 14. Be3 {[%clk 0:53:09]} Ng4 {[%clk 0:54:00]} 15. dxc5
{[%clk 0:50:34]} Bxc5 {[%clk 0:48:59]} 16. Bxc5 {[%clk 0:50:14]} Nxc5
{[%clk 0:48:13]} 17. a5 {[%clk 0:49:08]} Qc7 {[%clk 0:36:36]} 18. Nd4
{[%clk 0:41:27]} Qe5 {[%clk 0:26:47]} 19. Bf3 {[%clk 0:33:31]} h5
{[%clk 0:23:11]} 20. Nd2 {[%clk 0:31:58]} Rfd8 {[%clk 0:21:39]} 21. Nc4
{[%clk 0:30:35]} Bxc4 {[%clk 0:21:25]} 22. bxc4 {[%clk 0:30:54]} Ne4
{[%clk 0:15:17]} 23. Bxe4 {[%clk 0:24:15]} Qxe4 {[%clk 0:15:32]} 24. Rac1
{[%clk 0:20:50]} e5 {[%clk 0:14:21]} 25. Nb5 {[%clk 0:14:32]} Rxd1+
{[%clk 0:11:59]} 26. Rxd1 {[%clk 0:14:42]} Qxc4 {[%clk 0:10:49]} 27. Nd6
{[%clk 0:14:11]} Qc5 {[%clk 0:09:36]} 28. Ne4 {[%clk 0:14:15]} Qxa5
{[%clk 0:08:33]} 29. h3 {[%clk 0:14:06]} Nf6 {[%clk 0:07:10]} 30. Ra1
{[%clk 0:13:11]} Qb6 {[%clk 0:06:23]} 31. Qxe5 {[%clk 0:13:01]} Nxe4
{[%clk 0:06:41]} 32. Qxe4 {[%clk 0:13:24]} b3 {[%clk 0:04:46]} 33. Rb1
{[%clk 0:12:00]} b2 {[%clk 0:04:26]} 34. Kg2 {[%clk 0:11:16]} Rb8
{[%clk 0:02:49]} 35. Qd5 {[%clk 0:08:06]} Qb7 {[%clk 0:01:41]} 36. e4
{[%clk 0:06:22]} Qxd5 {[%clk 0:01:40]} 37. exd5 {[%clk 0:06:50]} a5
{[%clk 0:01:58]} 38. d6 {[%clk 0:07:10]} a4 {[%clk 0:01:48]} 39. d7
{[%clk 0:07:10]} a3 {[%clk 0:01:54]} 40. Re1 {[%clk 0:36:59]} Kf8
{[%clk 0:31:46]} 41. Rd1 {[%clk 0:37:06]} Rd8 {[%clk 0:31:23]} 0-1

[Event "MP do 16 lat - chlopcy"]
[Site "Sypniewo"]
[Date "2022.03.22"]
[Round "4.23"]
[White "Pisarek, Jan"]
[Black "Kotowicz, Kamil"]
[Result "0-1"]
[BlackElo "1764"]
[WhiteElo "1703"]
[LiveChessVersion "1.4.8"]

1. e4 {[%clk 1:30:56]} c5 {[%clk 1:30:49]} 2. Nf3 {[%clk 1:31:14]} g6
{[%clk 1:31:11]} 3. d4 {[%clk 1:31:39]} cxd4 {[%clk 1:31:37]} 4. Qxd4
{[%clk 1:32:03]} Nf6 {[%clk 1:31:54]} 5. Nc3 {[%clk 1:32:14]} Nc6
{[%clk 1:32:17]} 6. Qa4 {[%clk 1:32:30]} Bg7 {[%clk 1:30:55]} 7. e5
{[%clk 1:32:29]} Ng8 {[%clk 1:30:11]} 8. Bf4 {[%clk 1:32:23]} f6 {[%clk 1:29:07]}
9. exf6 {[%clk 1:19:43]} Nxf6 {[%clk 1:27:31]} 10. Bc4 {[%clk 1:13:50]} Nh5
{[%clk 1:18:17]} 11. Be3 {[%clk 1:01:00]} e6 {[%clk 1:12:23]} 12. Bc5
{[%clk 0:50:24]} Qa5 {[%clk 1:07:33]} 13. Qxa5 {[%clk 0:44:55]} Nxa5
{[%clk 1:07:43]} 14. Bb3 {[%clk 0:43:49]} b6 {[%clk 1:04:55]} 15. Bd6
{[%clk 0:40:47]} Ba6 {[%clk 1:03:16]} 16. Ne5 {[%clk 0:35:32]} Nb7
{[%clk 1:00:46]} 17. Ne4 {[%clk 0:29:56]} Nxd6 {[%clk 1:00:11]} 18. Nxd6+
{[%clk 0:30:14]} Ke7 {[%clk 1:00:37]} 19. Ndf7 {[%clk 0:26:58]} Rhf8
{[%clk 0:41:04]} 20. O-O-O {[%clk 0:23:22]} Bc8 {[%clk 0:38:37]} 21. Rhe1
{[%clk 0:19:24]} Rxf7 {[%clk 0:35:10]} 22. Nxf7 {[%clk 0:19:33]} Kxf7
{[%clk 0:35:37]} 23. g3 {[%clk 0:18:05]} Ke7 {[%clk 0:33:51]} 24. Ba4
{[%clk 0:14:59]} Nf6 {[%clk 0:32:15]} 25. f3 {[%clk 0:14:23]} Bb7
{[%clk 0:31:59]} 26. Rd3 {[%clk 0:14:12]} Ba6 {[%clk 0:29:39]} 27. Rdd1
{[%clk 0:09:34]} Rd8 {[%clk 0:29:46]} 28. c3 {[%clk 0:09:40]} Bb7
{[%clk 0:29:24]} 29. Rd3 {[%clk 0:09:44]} Bh6+ {[%clk 0:28:29]} 30. Kb1
{[%clk 0:09:21]} g5 {[%clk 0:27:41]} 31. Bc2 {[%clk 0:08:29]} g4 {[%clk 0:27:05]}
32. fxg4 {[%clk 0:07:12]} Be4 {[%clk 0:27:26]} 33. Rd4 {[%clk 0:06:45]} Bxc2+
{[%clk 0:27:30]} 34. Kxc2 {[%clk 0:07:12]} d6 {[%clk 0:21:38]} 35. h4
{[%clk 0:05:53]} Bg7 {[%clk 0:21:40]} 36. g5 {[%clk 0:05:46]} Ne8
{[%clk 0:21:14]} 37. Rf4 {[%clk 0:03:55]} Nc7 {[%clk 0:20:50]} 38. Ref1
{[%clk 0:03:32]} Rf8 {[%clk 0:20:59]} 39. c4 {[%clk 0:02:46]} Rxf4
{[%clk 0:20:35]} 40. gxf4 {[%clk 0:33:03]} h5 {[%clk 0:46:04]} 41. f5
{[%clk 0:28:32]} exf5 {[%clk 0:46:10]} 42. Rxf5 {[%clk 0:28:37]} Ke6
{[%clk 0:46:17]} 43. Rf3 {[%clk 0:26:32]} d5 {[%clk 0:42:19]} 44. cxd5+
{[%clk 0:24:22]} Nxd5 {[%clk 0:42:33]} 45. b3 {[%clk 0:20:06]} Ne7
{[%clk 0:40:48]} 46. Kd3 {[%clk 0:14:34]} Ng6 {[%clk 0:39:50]} 47. Kd2
{[%clk 0:12:21]} Be5 {[%clk 0:39:39]} 48. Kd3 {[%clk 0:05:15]} Nxh4
{[%clk 0:37:52]} 49. Rf8 {[%clk 0:05:29]} Ng6 {[%clk 0:34:26]} 50. Ra8
{[%clk 0:05:01]} a5 {[%clk 0:31:06]} 51. Ke4 {[%clk 0:03:43]} h4 {[%clk 0:28:26]}
52. Re8+ {[%clk 0:02:19]} Kf7 {[%clk 0:27:34]} 53. Rc8 {[%clk 0:01:57]} h3
{[%clk 0:27:53]} 54. Kf3 {[%clk 0:01:47]} Nh4+ {[%clk 0:27:03]} 55. Kg4
{[%clk 0:01:59]} h2 {[%clk 0:26:57]} 56. Rc1 {[%clk 0:02:25]} Ng6
{[%clk 0:25:51]} 57. Rh1 {[%clk 0:02:24]} Ne7 {[%clk 0:24:43]} 58. Kh5
{[%clk 0:02:01]} Nf5 {[%clk 0:23:23]} 59. Kg4 {[%clk 0:01:22]} Kg6
{[%clk 0:23:41]} 60. Kf3 {[%clk 0:00:34]} Kxg5 {[%clk 0:23:35]} 0-1

[Event "MP do 16 lat - chlopcy"]
[Site "Sypniewo"]
[Date "2022.03.22"]
[Round "4.24"]
[White "Jendrowiak, Maciej"]
[Black "Karut, Kacper"]
[Result "1/2-1/2"]
[BlackElo "1763"]
[WhiteElo "1650"]
[LiveChessVersion "1.4.8"]

1. e4 {[%clk 1:30:30]} c5 {[%clk 1:30:30]} 2. c3 {[%clk 1:30:30]} Nf6
{[%clk 1:31:10]} 3. e5 {[%clk 1:31:48]} Nd5 {[%clk 1:31:25]} 4. Nf3
{[%clk 1:32:12]} Nc6 {[%clk 1:29:29]} 5. Bc4 {[%clk 1:31:49]} e6 {[%clk 1:26:54]}
6. d4 {[%clk 1:30:45]} cxd4 {[%clk 1:27:05]} 7. cxd4 {[%clk 1:31:05]} d6
{[%clk 1:26:39]} 8. O-O {[%clk 1:31:07]} Be7 {[%clk 1:24:27]} 9. Qe2
{[%clk 1:31:23]} O-O 10. Qe4 {[%clk 1:29:13]} Nb6 {[%clk 0:59:05]} 11. Bb3
{[%clk 1:28:02]} a5 {[%clk 0:57:14]} 12. Bc2 {[%clk 1:26:54]} g6 {[%clk 0:57:30]}
13. Bh6 {[%clk 1:25:46]} Re8 {[%clk 0:57:43]} 14. Nc3 {[%clk 1:22:55]} Bd7
{[%clk 0:50:23]} 15. Qf4 {[%clk 1:22:24]} dxe5 {[%clk 0:45:04]} 16. dxe5
{[%clk 1:22:24]} Qb8 {[%clk 0:43:57]} 17. Rfe1 {[%clk 1:20:44]} Rd8
{[%clk 0:40:51]} 18. Rad1 {[%clk 1:20:40]} Be8 {[%clk 0:39:00]} 19. Ne4
{[%clk 1:19:58]} Rxd1 {[%clk 0:36:34]} 20. Rxd1 {[%clk 1:20:11]} Nd5
{[%clk 0:32:41]} 21. Rxd5 {[%clk 1:18:44]} exd5 {[%clk 0:33:04]} 22. Nf6+
{[%clk 1:19:06]} Kh8 {[%clk 0:32:52]} 23. Qh4 {[%clk 1:16:08]} Nxe5
{[%clk 0:26:04]} 24. Bf8 {[%clk 1:16:16]} Nxf3+ {[%clk 0:24:48]} 25. gxf3
{[%clk 1:16:33]} h5 {[%clk 0:24:26]} 26. Bxe7 {[%clk 1:15:28]} Qe5
{[%clk 0:22:56]} 27. Ng4 {[%clk 1:13:16]} Qe1+ {[%clk 0:19:58]} 28. Kg2
{[%clk 1:13:38]} Ra6 {[%clk 0:17:25]} 29. Bf6+ {[%clk 1:13:00]} Kg8
{[%clk 0:17:41]} 30. Nh6+ {[%clk 1:10:51]} Kf8 {[%clk 0:17:24]} 31. Qd4
{[%clk 1:09:54]} Qe6 {[%clk 0:16:35]} 32. Bg7+ {[%clk 1:07:05]} Ke7
{[%clk 0:17:01]} 33. Ng8+ {[%clk 1:07:27]} Kd8 {[%clk 0:13:51]} 34. Qf4
{[%clk 1:04:11]} Kc8 {[%clk 0:10:29]} 35. Bf6 {[%clk 1:04:35]} b5
{[%clk 0:09:12]} 36. Ne7+ {[%clk 1:02:41]} Kb7 {[%clk 0:09:15]} 37. Nxd5
{[%clk 1:02:48]} Rd6 {[%clk 0:05:37]} 38. Be4 {[%clk 0:34:21]} Bc6
{[%clk 0:04:09]} 39. Be5 {[%clk 0:32:59]} Rxd5 {[%clk 0:04:08]} 40. Bxd5
{[%clk 1:03:11]} Qxd5 {[%clk 0:34:31]} 41. h4 {[%clk 0:59:34]} Qd7
{[%clk 0:26:30]} 42. Qe3 {[%clk 0:57:21]} Qg4+ {[%clk 0:21:30]} 43. Bg3
{[%clk 0:57:31]} Qf5 {[%clk 0:20:07]} 44. Qe7+ {[%clk 0:57:23]} Ka6
{[%clk 0:20:11]} 45. Qe3 {[%clk 0:53:34]} Kb7 {[%clk 0:18:26]} 46. a3
{[%clk 0:52:08]} a4 {[%clk 0:18:07]} 47. b3 {[%clk 0:51:56]} axb3
{[%clk 0:17:48]} 48. Qxb3 {[%clk 0:51:54]} Qd5 {[%clk 0:17:28]} 49. Qe3
{[%clk 0:51:24]} Qf5 {[%clk 0:17:29]} 50. Qe7+ {[%clk 0:49:10]} 1/2-1/2

[Event "MP do 16 lat - chlopcy"]
[Site "Sypniewo"]
[Date "2022.03.22"]
[Round "4.25"]
[White "Kusiak, Mateusz"]
[Black "Bochenek, Ryszard"]
[Result "1-0"]
[BlackElo "1530"]
[WhiteElo "1715"]
[LiveChessVersion "1.4.8"]

1. e4 {[%clk 1:30:30]} c5 {[%clk 1:30:47]} 2. Nf3 {[%clk 1:31:05]} d6
{[%clk 1:30:52]} 3. d4 {[%clk 1:31:05]} cxd4 {[%clk 1:31:12]} 4. Qxd4
{[%clk 1:30:40]} Nc6 {[%clk 1:27:55]} 5. Bb5 {[%clk 1:31:04]} Bd7
{[%clk 1:26:59]} 6. Bxc6 {[%clk 1:31:27]} Bxc6 {[%clk 1:26:53]} 7. Nc3
{[%clk 1:30:51]} Nf6 {[%clk 1:20:12]} 8. O-O {[%clk 1:30:53]} e5 {[%clk 1:16:50]}
9. Qd3 {[%clk 1:29:26]} Be7 {[%clk 1:17:10]} 10. Bg5 {[%clk 1:20:41]} O-O
{[%clk 1:16:35]} 11. Rad1 {[%clk 1:20:52]} Qc7 {[%clk 1:15:11]} 12. Bxf6
{[%clk 1:20:59]} gxf6 {[%clk 1:15:05]} 13. Nh4 {[%clk 1:21:11]} Rad8
{[%clk 1:13:56]} 14. Nf5 {[%clk 1:19:02]} Kh8 {[%clk 1:14:01]} 15. Nd5
{[%clk 1:15:50]} Bxd5 {[%clk 1:11:52]} 16. Qxd5 {[%clk 1:16:10]} Rd7
{[%clk 1:11:57]} 17. Rd3 {[%clk 1:10:09]} Bd8 {[%clk 1:03:54]} 18. Qb3
{[%clk 0:46:51]} Qc6 {[%clk 1:03:05]} 19. Re1 {[%clk 0:30:28]} Bb6
{[%clk 1:01:51]} 20. Rh3 {[%clk 0:30:37]} 1-0

[Event "MP do 16 lat - chlopcy"]
[Site "Sypniewo"]
[Date "2022.03.22"]
[Round "4.26"]
[White "Garwacki, Kornel"]
[Black "Bancarewicz, Aleks"]
[Result "1/2-1/2"]
[BlackElo "1870"]
[WhiteElo "1512"]
[LiveChessVersion "1.4.8"]

1. Nc3 {[%clk 1:30:59]} c5 {[%clk 1:30:47]} 2. e4 {[%clk 1:31:26]} d6
{[%clk 1:31:00]} 3. Nf3 {[%clk 1:31:54]} Nf6 {[%clk 1:31:06]} 4. d4
{[%clk 1:32:23]} cxd4 {[%clk 1:31:24]} 5. Nxd4 {[%clk 1:32:51]} a6
{[%clk 1:31:39]} 6. Be3 {[%clk 1:33:05]} e5 {[%clk 1:31:53]} 7. Nb3
{[%clk 1:33:27]} Be6 {[%clk 1:31:41]} 8. Nd5 {[%clk 1:33:05]} Nbd7
{[%clk 1:31:31]} 9. f3 {[%clk 1:33:24]} Bxd5 {[%clk 1:31:32]} 10. exd5
{[%clk 1:33:52]} g6 {[%clk 1:31:02]} 11. c4 {[%clk 1:33:42]} Bg7 {[%clk 1:29:16]}
12. Bd3 {[%clk 1:33:14]} O-O {[%clk 1:23:09]} 13. O-O {[%clk 1:33:36]} b6
{[%clk 1:08:29]} 14. Qd2 {[%clk 1:33:09]} Nh5 {[%clk 1:06:29]} 15. a4
{[%clk 1:23:11]} a5 {[%clk 1:05:07]} 16. Rfb1 {[%clk 1:16:09]} f5
{[%clk 1:01:45]} 17. Nc1 {[%clk 1:13:58]} e4 {[%clk 0:46:41]} 18. fxe4
{[%clk 1:09:25]} f4 {[%clk 0:29:07]} 19. Bf2 {[%clk 1:09:10]} Ne5
{[%clk 0:29:14]} 20. Nb3 {[%clk 1:02:41]} Ng4 {[%clk 0:21:54]} 21. Rf1
{[%clk 0:56:03]} Nxf2 {[%clk 0:16:07]} 22. Rxf2 {[%clk 0:56:32]} Be5
{[%clk 0:03:49]} 23. Bf1 {[%clk 0:51:53]} f3 {[%clk 0:01:44]} 24. gxf3
{[%clk 0:46:39]} Qh4 {[%clk 0:00:43]} 25. Nd4 {[%clk 0:43:57]} Rf7
{[%clk 0:01:12]} 26. Ne6 {[%clk 0:43:25]} Nf4 {[%clk 0:01:30]} 27. Nxf4
{[%clk 0:43:15]} Bxf4 {[%clk 0:01:50]} 28. Qe2 {[%clk 0:42:58]} Raf8
{[%clk 0:01:21]} 29. Ra3 {[%clk 0:40:51]} Be5 {[%clk 0:00:36]} 30. Rd3
{[%clk 0:39:55]} g5 {[%clk 0:00:55]} 31. Rg2 {[%clk 0:39:13]} h5 {[%clk 0:01:06]}
32. Qf2 {[%clk 0:28:09]} Qf4 {[%clk 0:01:35]} 33. h3 {[%clk 0:20:28]} Kh7
{[%clk 0:01:52]} 34. b3 {[%clk 0:16:46]} Qc1 {[%clk 0:01:17]} 35. Qe2
{[%clk 0:11:15]} Kh6 {[%clk 0:01:10]} 36. Qf2 {[%clk 0:07:48]} Rf4
{[%clk 0:00:52]} 37. Qe2 {[%clk 0:07:05]} R4f7 {[%clk 0:00:39]} 38. Qf2
{[%clk 0:05:44]} Rf4 {[%clk 0:00:40]} 39. Qe2 1/2-1/2

[Event "MP do 16 lat - chlopcy"]
[Site "Sypniewo"]
[Date "2022.03.23"]
[Round "5.1"]
[White "Malek, Jan"]
[Black "Wojdak, Jan"]
[Result "1-0"]
[BlackElo "2143"]
[WhiteElo "2230"]
[LiveChessVersion "1.4.8"]

1. e4 {[%clk 1:30:58]} c6 {[%clk 1:30:50]} 2. d4 {[%clk 1:31:21]} d5
{[%clk 1:31:07]} 3. e5 {[%clk 1:31:45]} c5 {[%clk 1:31:31]} 4. dxc5
{[%clk 1:32:10]} e6 {[%clk 1:31:56]} 5. a3 {[%clk 1:32:36]} Nc6 {[%clk 1:32:14]}
6. Nf3 {[%clk 1:32:58]} Bxc5 {[%clk 1:32:35]} 7. b4 {[%clk 1:32:55]} Bb6
{[%clk 1:33:00]} 8. Bb2 {[%clk 1:33:07]} Nge7 {[%clk 1:33:21]} 9. Nbd2
{[%clk 1:33:29]} O-O {[%clk 1:33:24]} 10. Bd3 {[%clk 1:33:47]} Ng6
{[%clk 1:33:10]} 11. b5 {[%clk 1:34:08]} Na5 {[%clk 1:28:49]} 12. g3
{[%clk 1:33:36]} f6 {[%clk 1:03:42]} 13. O-O {[%clk 1:33:55]} f5 {[%clk 0:58:08]}
14. c4 {[%clk 1:25:53]} Ne7 {[%clk 0:38:52]} 15. Rc1 {[%clk 1:22:48]} Bd7
{[%clk 0:30:32]} 16. c5 {[%clk 1:20:51]} Bc7 {[%clk 0:31:01]} 17. Nd4
{[%clk 1:12:39]} f4 {[%clk 0:28:52]} 18. Qg4 {[%clk 1:06:33]} g6 {[%clk 0:21:55]}
19. c6 {[%clk 1:04:00]} bxc6 {[%clk 0:21:22]} 20. bxc6 {[%clk 1:04:27]} Bc8
{[%clk 0:21:47]} 21. Nxe6 {[%clk 0:47:33]} Rb8 {[%clk 0:21:48]} 22. Bd4
{[%clk 0:46:38]} h5 {[%clk 0:20:11]} 23. Qh3 {[%clk 0:45:20]} Qe8
{[%clk 0:16:54]} 24. Nxc7 {[%clk 0:38:03]} Bxh3 {[%clk 0:17:18]} 25. Nxe8 Rbxe8
{[%clk 0:17:24]} 26. Rfe1 {[%clk 0:36:09]} Naxc6 {[%clk 0:17:40]} 27. Bc5
{[%clk 0:36:13]} Rc8 {[%clk 0:10:57]} 28. Bd6 {[%clk 0:34:34]} fxg3
{[%clk 0:09:32]} 29. hxg3 {[%clk 0:34:41]} Rf7 {[%clk 0:06:50]} 30. e6
{[%clk 0:23:00]} Rf6 {[%clk 0:06:37]} 31. Bxe7 {[%clk 0:23:21]} 1-0

[Event "MP do 16 lat - chlopcy"]
[Site "Sypniewo"]
[Date "2022.03.23"]
[Round "5.2"]
[White "Klimkowski, Jan"]
[Black "Fiszer, Bartosz"]
[Result "1-0"]
[BlackElo "2226"]
[WhiteElo "2350"]
[LiveChessVersion "1.4.8"]

1. d4 {[%clk 1:30:59]} Nf6 {[%clk 1:30:54]} 2. c4 {[%clk 1:31:26]} g6
{[%clk 1:31:19]} 3. Nf3 {[%clk 1:31:54]} Bg7 {[%clk 1:31:32]} 4. g3
{[%clk 1:32:20]} O-O {[%clk 1:31:52]} 5. Bg2 {[%clk 1:32:47]} c6 {[%clk 1:32:17]}
6. O-O {[%clk 1:32:17]} d5 {[%clk 1:32:38]} 7. Nbd2 {[%clk 1:31:18]} Ne4
{[%clk 1:24:42]} 8. e3 {[%clk 1:29:19]} Nxd2 {[%clk 1:22:02]} 9. Nxd2
{[%clk 1:24:41]} Na6 {[%clk 1:17:18]} 10. Qb3 {[%clk 1:22:00]} dxc4
{[%clk 1:11:57]} 11. Qxc4 {[%clk 1:18:39]} e5 {[%clk 1:06:25]} 12. dxe5
{[%clk 1:13:18]} Bxe5 {[%clk 1:06:45]} 13. Nf3 {[%clk 1:11:54]} Bg7
{[%clk 1:04:35]} 14. e4 {[%clk 1:07:54]} Qb6 {[%clk 0:58:50]} 15. e5
{[%clk 1:00:34]} Qb4 {[%clk 0:57:39]} 16. Qf4 {[%clk 0:58:15]} Bg4
{[%clk 0:39:28]} 17. Nd4 {[%clk 0:53:27]} Rad8 {[%clk 0:38:48]} 18. Be3
{[%clk 0:51:02]} c5 {[%clk 0:37:57]} 19. Qxg4 {[%clk 0:39:12]} cxd4
{[%clk 0:36:58]} 20. Bg5 {[%clk 0:39:37]} Rde8 {[%clk 0:30:00]} 21. f4 f6
{[%clk 0:29:02]} 22. exf6 {[%clk 0:36:38]} Bxf6 {[%clk 0:29:28]} 23. Qd7
{[%clk 0:27:57]} Re7 {[%clk 0:24:41]} 24. Qd5+ {[%clk 0:28:20]} Kg7
{[%clk 0:25:02]} 25. Rad1 {[%clk 0:25:06]} Qxb2 {[%clk 0:14:03]} 26. Bxf6+
{[%clk 0:23:01]} Rxf6 {[%clk 0:14:31]} 27. Rxd4 {[%clk 0:17:32]} Qb6
{[%clk 0:08:56]} 28. Kh1 {[%clk 0:16:08]} Nb4 {[%clk 0:06:16]} 29. Qc4
{[%clk 0:15:19]} Nc2 {[%clk 0:05:39]} 30. Re4 {[%clk 0:15:36]} Rxe4
{[%clk 0:03:50]} 31. Qxe4 {[%clk 0:16:01]} Ne3 {[%clk 0:04:12]} 32. Rb1
{[%clk 0:16:18]} Qc5 {[%clk 0:01:54]} 33. Qxb7+ {[%clk 0:15:32]} Rf7
{[%clk 0:01:33]} 34. Qb2+ {[%clk 0:15:36]} Kh6 {[%clk 0:01:36]} 35. Bf3
{[%clk 0:15:00]} Qf5 {[%clk 0:00:40]} 36. Rc1 {[%clk 0:13:50]} Qd3
{[%clk 0:00:37]} 37. Qf2 {[%clk 0:10:27]} Qa3 {[%clk 0:00:38]} 38. Re1
{[%clk 0:08:56]} Nc2 {[%clk 0:00:42]} 39. Rf1 {[%clk 0:04:52]} Rc7
{[%clk 0:00:39]} 40. f5 {[%clk 0:31:43]} Ne3 {[%clk 0:30:39]} 41. Re1
{[%clk 0:15:55]} Nxf5 {[%clk 0:30:25]} 42. g4 {[%clk 0:15:12]} Nd6
{[%clk 0:29:00]} 43. Qd2+ {[%clk 0:13:07]} Kg7 {[%clk 0:20:51]} 44. Qd4+
{[%clk 0:13:27]} Kh6 {[%clk 0:21:17]} 45. Qf4+ {[%clk 0:12:36]} Kg7
{[%clk 0:21:43]} 46. Qe5+ {[%clk 0:12:21]} Kg8 {[%clk 0:22:01]} 47. Bd5+
{[%clk 0:12:46]} Rf7 {[%clk 0:22:23]} 48. Rb1 {[%clk 0:12:27]} 1-0

[Event "MP do 16 lat - chlopcy"]
[Site "Sypniewo"]
[Date "2022.03.23"]
[Round "5.3"]
[White "Karolczuk, Iwo"]
[Black "Zalega, Maciej"]
[Result "1-0"]
[BlackElo "1994"]
[WhiteElo "2328"]
[LiveChessVersion "1.4.8"]

1. d4 {[%clk 1:30:17]} Nf6 {[%clk 1:30:56]} 2. c4 {[%clk 1:30:18]} g6
{[%clk 1:31:05]} 3. Nc3 {[%clk 1:30:40]} Bg7 {[%clk 1:31:19]} 4. g3
{[%clk 1:31:02]} d6 {[%clk 1:31:08]} 5. Bg2 {[%clk 1:31:25]} O-O {[%clk 1:31:07]}
6. Nf3 {[%clk 1:31:49]} Nbd7 {[%clk 1:30:47]} 7. O-O {[%clk 1:32:07]} e5
{[%clk 1:30:42]} 8. e4 {[%clk 1:32:19]} exd4 {[%clk 1:29:39]} 9. Nxd4
{[%clk 1:32:43]} Re8 {[%clk 1:27:12]} 10. Re1 {[%clk 1:33:04]} Nc5
{[%clk 1:26:55]} 11. h3 {[%clk 1:31:04]} a5 {[%clk 1:26:15]} 12. Ndb5
{[%clk 1:29:13]} Bd7 {[%clk 1:25:28]} 13. Qc2 {[%clk 1:20:26]} Bxb5
{[%clk 1:24:34]} 14. cxb5 {[%clk 1:16:10]} Nfd7 {[%clk 1:23:39]} 15. Bf4
{[%clk 1:11:30]} h5 {[%clk 1:21:26]} 16. Nd5 {[%clk 1:04:53]} h4 {[%clk 1:18:38]}
17. gxh4 {[%clk 1:05:00]} Qxh4 {[%clk 1:14:00]} 18. Bg3 {[%clk 1:05:16]} Qd8
{[%clk 1:14:20]} 19. Rad1 {[%clk 1:05:16]} Ne6 {[%clk 1:10:24]} 20. f4
{[%clk 1:00:23]} Rc8 {[%clk 1:06:57]} 21. Qf2 {[%clk 0:53:14]} Nf6
{[%clk 0:46:47]} 22. Bh4 {[%clk 0:46:05]} g5 {[%clk 0:39:45]} 23. fxg5
{[%clk 0:46:15]} Nxd5 {[%clk 0:39:53]} 24. Rxd5 {[%clk 0:34:14]} Be5
{[%clk 0:33:45]} 25. Rf1 {[%clk 0:28:17]} Qd7 {[%clk 0:28:38]} 26. Bg3
{[%clk 0:25:24]} c6 {[%clk 0:25:23]} 27. Bxe5 {[%clk 0:21:27]} cxd5
{[%clk 0:25:02]} 28. Bf6 {[%clk 0:21:40]} 1-0